Mayson,French and Ryan on company law 2011-2012 ed. / (Record no. 5350)
[ view plain ]
| 000 -LEADER | |
|---|---|
| fixed length control field | 01967nam a22003017a 4500 |
| 008 - FIXED-LENGTH DATA ELEMENTS--GENERAL INFORMATION | |
| fixed length control field | 130311t xxu||||| |||| 00| 0 eng d |
| 020 ## - INTERNATIONAL STANDARD BOOK NUMBER | |
| International Standard Book Number | 9-7801-9960-9000 |
| 082 ## - DEWEY DECIMAL CLASSIFICATION NUMBER | |
| Edition number | 22 ed. |
| Classification number | 346.066 |
| Item number | FRE |
| 100 ## - MAIN ENTRY--PERSONAL NAME | |
| Personal name | French,Derek |
| 9 (RLIN) | 1640 |
| 245 ## - TITLE STATEMENT | |
| Title | Mayson,French and Ryan on company law 2011-2012 ed. / |
| Statement of responsibility, etc | Derek French,Stephen W.Mayson and Christopher L,Ryan |
| 250 ## - EDITION STATEMENT | |
| Edition statement | 28 ed. |
| 260 ## - PUBLICATION, DISTRIBUTION, ETC. (IMPRINT) | |
| Place of publication, distribution, etc | USA : |
| Name of publisher, distributor, etc | Oxford University press |
| Date of publication, distribution, etc | 2011 |
| 300 ## - PHYSICAL DESCRIPTION | |
| Extent | cxv, 755 P. ; |
| Dimensions | 25 cm. |
| 500 ## - GENERAL NOTE | |
| General note | Includes Index |
| 650 ## - SUBJECT ADDED ENTRY--TOPICAL TERM | |
| Topical term or geographic name as entry element | Company law |
| 9 (RLIN) | 6788 |
| 650 ## - SUBJECT ADDED ENTRY--TOPICAL TERM | |
| Topical term or geographic name as entry element | Mayson,French and Ryan on company law 2011-2012 ed. |
| 9 (RLIN) | 7134 |
| 700 ## - ADDED ENTRY--PERSONAL NAME | |
| Personal name | W.Mayson , Stephen |
| 9 (RLIN) | 7135 |
| 700 ## - ADDED ENTRY--PERSONAL NAME | |
| Personal name | L,Ryan, Christopher |
| 9 (RLIN) | 7136 |
| 942 ## - ADDED ENTRY ELEMENTS (KOHA) | |
| Source of classification or shelving scheme | Dewey Decimal Classification |
| Item type | Books |
| Withdrawn status | Lost status | Source of classification or shelving scheme | Damaged status | Not for loan | Home library | Current library | Shelving location | Date acquired | Total Checkouts | Full call number | Barcode | Date last seen | Copy number | Price effective from | Koha item type | Public note |
|---|---|---|---|---|---|---|---|---|---|---|---|---|---|---|---|---|
| Dewey Decimal Classification | Law Development Centre Main Library | Law Development Centre Main Library | Text Books and Laws | 03/11/2013 | 346.066 FRE | 4636/2013 | 03/11/2013 | 1 | 03/11/2013 | Books | Reserve | |||||
| Dewey Decimal Classification | Law Development Centre Main Library | Law Development Centre Main Library | Text Books and Laws | 03/11/2013 | 346.066 FRE | 4637/2013 | 03/11/2013 | 2 | 03/11/2013 | Books | Reserve | |||||
| Dewey Decimal Classification | Law Development Centre Main Library | Law Development Centre Main Library | Text Books and Laws | 03/11/2013 | 346.066 FRE | 4638/2013 | 03/11/2013 | 3 | 03/11/2013 | Books | Reserve | |||||
| Dewey Decimal Classification | Law Development Centre Main Library | Law Development Centre Main Library | Text Books and Laws | 03/11/2013 | 346.066 FRE | 4639/2013 | 03/11/2013 | 4 | 03/11/2013 | Books | Reserve | |||||
| Dewey Decimal Classification | Law Development Centre Main Library | Law Development Centre Main Library | Text Books and Laws | 03/11/2013 | 346.066 FRE | 4640/2013 | 03/11/2013 | 5 | 03/11/2013 | Books | Reserve | |||||
| Dewey Decimal Classification | Law Development Centre Main Library | Law Development Centre Main Library | Text Books and Laws | 03/11/2013 | 346.066 FRE | 4641/2013 | 03/11/2013 | 6 | 03/11/2013 | Books | Reserve | |||||
| Dewey Decimal Classification | Law Development Centre Main Library | Law Development Centre Main Library | Text Books and Laws | 03/11/2013 | 346.066 FRE | 4642/2013 | 03/11/2013 | 7 | 03/11/2013 | Books | Reserve | |||||
| Dewey Decimal Classification | Law Development Centre Main Library | Law Development Centre Main Library | Text Books and Laws | 03/11/2013 | 346.066 FRE | 4643/2013 | 03/11/2013 | 8 | 03/11/2013 | Books | Reserve |
